Villarreal - Tous les joueurs de 2010 à 2025 - Statistiques

Statistiques générales
  • Ce quiz a été pris 19 fois
  • Le résultat moyen est 40 sur 210
Statistiques - réponses
Saisons Nationalité Joueur Nombre
De Matchs
Poste % Correct
2020 - Espagne DaniParejo 229 M
91%
2019 - 2024 Espagne AlbertoMoreno 124 D
64%
2020 - 2024 France EtienneCapoue 148 M
64%
2020 - 2024 France FrancisCoquelin 107 M
64%
2012 - 20132014 - 2015 2018 - Espagne GerardMoreno 297 A
64%
2011 - 2012 Espagne JoseluMoreno 16 A
64%
2013 - 2022 Espagne SergioAsenjo 258 G
64%
2015 - 2017 Espagne AdrianLopez 40 A
55%
2007 - 2012 Espagne AngelLopez 150 D
55%
2017 - 2021 Colombie CarlosBacca 144 A
55%
2014 - 20152016 - 2018 Russie DenisCheryshev 90 A
55%
2010 - 2012 Espagne DiegoLopez 100 G
55%
2013 - 2015 Mexique GiovaniDos Santos 74 A
55%
2011 - 20192020 - 2021 Espagne JaumeCosta 268 D
55%
2014 - 2017 Mexique JonathanDos Santos 126 M
55%
2024 - Cap - Vert LoganCosta 34 D
55%
2011 - 2024 Espagne ManuTrigueros 477 M
55%
2024 - CoteD'ivoire NicolasPepe 28 A
55%
2013 - 2014 Espagne OliverTorres 9 M
55%
2016 - 20182019 - 2023 Espagne PauTorres 173 D
55%
2019 - 2025 Espagne RaulAlbiol 201 D
55%
2003 - 20062007 - 2011
2018 - 2020
Espagne SantiCazorla 330 M
55%
2021 - 2024 Algérie AissaMandi 79 D
45%
2014 - 20162018 - 2019 2020 - Espagne AlfonsoPedraza 200 D
45%
2016 - 2019 Espagne AlvaroGonzalez 111 D
45%
2024 - Espagne AyozePerez 32 A
45%
2021 - 2022 Sénégal BoulayeDia 35 A
45%
2015 - 2018 RépubliqueDémocratique Du Congo CedricBakambu 105 A
45%
2011 - 2012 Espagne CesarSanchez 4 G
45%
2015 - 20162023 - 2025 Espagne DenisSuarez 75 M
45%
2014 - 20162023 - 2025 CoteD'Ivoire EricBailly 72 D
45%
2021 - 2024 Danemark FilipJorgensen 44 G
45%
2010 - 2014 Paraguay HernanPerez 58 A
45%
2020 - Argentine JuanFoyth 135 D
45%
2016 - 20182019 - 2020 Argentine LeoSuarez 9 A
45%
2008 - 2022 Espagne MarioGaspar 423 D
45%
2016 - 2018 Espagne MarioGonzalez 6 A
45%
2011 - 20152019 - 2022 Espagne MoiGomez 222 A
45%
2012 - 2013 Espagne PabloGonzalez 2 M
45%
2022- 2024 Espagne PepeReina 44 G
45%
2015 - 2018 Espagne SamuCastillejo 127 A
45%
2018 - 2023 Nigeria SamuelChukwueze 207 A
45%
2023 - 2024 Norvège AlexanderSorloth 41 A
36%
2015 - 2016 France AlphonseAreola 37 G
36%
2019 - 2020 Cameroun Andre FrankZambo Anguissa 39 M
36%
2016 - 2020 Espagne AndresFernandez 54 G
36%
2023 - 2024 BurkinaFaso BertrandTraore 11 A
36%
2020 - 2023 Argentine GeronimoRulli 80 G
36%
2004 - 2012 Argentine GonzaloRodriguez 254 D
36%
2023 - Maroc IliasAkhomach 51 A
36%
2018 - 2019 Espagne IvanMartin 1 M
36%
2014 - 2015 CostaRica JoelCampbell 22 A
36%
2021 - 2023 Sénégal NicolasJackson 48 A
36%
2024 - Sénégal PapeGueye 36 M
36%
2017 - 2018 Espagne PedroMartinez 1 M
36%
2020 - 2022 Equateur PervisEstupinan 74 D
36%
2016 - 2018 Italie RobertoSoriano 73 M
36%
2015 - 2018 Espagne Rodri 84 M
36%
2017 - 2018 Colombie RogerMartinez 9 A
36%
2024 - 2025 France ThiernoBarry 37 A
36%
2024 - France WillyKambwala 21 D
36%
2020 - 2205 Espagne YeremyPino 168 A
36%
2019 - 20212022 - 2025 Espagne AlexBaena 148 A
27%
2021 - 2023 Pays - Bas ArnautDanjuma 54 A
27%
2023 - 2024 Chili BenBrereton Diaz 20 A
27%
2010 - 2012 Espagne BorjaValero 97 M
27%
2006 - 2020 Espagne Bruno 425 M
27%
2022- 2024 Espagne CarlosRomero 8 D
27%
2007 - 2012 Italie GiuseppeRossi 192 A
27%
2012 - 2015 Nigéria IkechukwuUche 98 A
27%
2018 - 2020 Cameroun KarlToko Ekambi 62 A
27%
2024 - Brésil LuizJunior 19 G
27%
2002 - 2013 Espagne MarcosSenna 361 M
27%
2016 - 2019 Italie NicolaSansone 71 A
27%
2017 - 2019 Espagne PabloFornals 96 M
27%
2024 - 2025 Canada TajonBuchanan 13 A
27%
2014 - 2019 Espagne VictorRuiz 190 D
27%
2023 - 2024 Espagne AdriaAltimira 18 D
18%
2014 - 2015 Espagne AleixGarcia 1 M
18%
2016 - 2017 Brésil AlexandrePato 24 A
18%
2006 - 2015 Espagne Cani 327 A
18%
2020 - 2022 Espagne CarloGarcia 3 M
18%
2024 - Espagne DiegoConde 22 G
18%
2017 - 2018 Turquie EnesUnal 31 A
18%
2014 - 2016 Espagne FranSol 2 A
18%
2021 - 2023 Argentine GiovaniLo Celso 51 M
18%
2007 - 2011 Espagne JoanCapdevila 184 D
18%
2022- 2023 Colombie JohanMojica 27 D
18%
2018 - 2019 Mexique MiguelLayun 15 D
18%
2009 - 2012 Brésil Nilmar 116 A
18%
2012 - 2013 Suède OlofMellberg 29 D
18%
2024 - Espagne PauNavarro 19 D
18%
2019 - 2022 Espagne RubenPena 71 D
18%
2015 - 2016 Espagne SamuGarcia 26 A
18%
2024 - Espagne SergiCardona 36 D
18%
2020 - 2021 Japon TakefusaKubo 19 A
18%
2018 - 2022 Espagne VicenteIborra 104 M
18%
2023 - 2024 Colombie YersonMosquera 18 D
18%
2014 - 20162017 - 2018 Espagne AdrianMarin 33 D
9%
2024 - Sénégal AlassaneDiatta 1 M
9%
2022- 2023 Espagne AlbertoDel Moral 1 M
9%
2014 - 2018 Serbie AntonioRukavina 99 D
9%
2013 - 2016 Slovénie BojanJokic 33 D
9%
2010 - 2012 Espagne CarlosMarchena 64 D
9%
2016 - 2017 Espagne Cote 17 D
9%
2011 - 2012 Colombie CristianZapata 36 D
9%
2010 - 2011 Espagne CristobalMarquez 5 M
9%
2015 - 2019 Italie DanieleBonera 58 D
9%
2022- 2024 Espagne DiegoCollado 4 A
9%
2013 - 2014 Espagne EduRamos 3 M
9%
2024 - 2025 Cameroun EttaEyong 4 A
9%
2019 - 2020 Espagne JaviOntiveros 35 A
9%
2012 - 2014 Espagne JonathanPereira 53 A
9%
2022 - 2024 Espagne JorgeCuenca 60 D
9%
2022- 2024 Espagne Jose LuisMorales 80 A
9%
2008 - 20092010 - 2011 Etats - Unis JozyAltidore 22 A
9%
2024 - 2025 Espagne JuanBernat 12 D
9%
2022- 2025 Espagne KikoFemenia 85 D
9%
2015 - 2016 Brésil LeoBaptistao 34 A
9%
2014 - 2015 Argentine LucianoVietto 48 A
9%
2015 - 2020 Argentine MarianoBarbosa 35 G
9%
2009 - 2017 Argentine MateoMusacchio 249 D
9%
2023 - 2024 Italie MatteoGabbia 13 D
9%
2010 - 2012 Ghana MubarakWakaso 25 M
9%
2019 - 2022 Espagne Paco Alcacer 76 A
9%
2016 - 2017 Colombie RafaelSantos Borre 30 A
9%
2018 - 2021 Argentine RamiroFunes Mori 74 D
9%
2022 - 2025 Espagne RamonTerrats 54 M
9%
2015 - 2017 Espagne RobertoSoldado 55 A
9%
2023 - Espagne SantiComesana 74 M
9%
2021 - 2022 CoteD'Ivoire SergeAurier 24 D
9%
2021 - 2023 Espagne AdrianDe La Fuente 6 D
0%
2016 - 2017 Espagne AitorCantalapiedra 1 M
0%
2011 - 2012 Argentine AlejandroMartinuccio 13 A
0%
2013 - 2014 Serbie AleksandarPantic 13 D
0%
2020 - 2021 Espagne AlexMillan 2 A
0%
2016 - 2017 Sénégal AlfredN'Diaye 15 M
0%
2017 - 2018 Espagne AnderCantero 1 G
0%
2018 - 2019 Roumanie AndreiRatiu 1 D
0%
2024 - 2025 Espagne ArnauSola 1 D
0%
2010 - 2011 Espagne CarlosTomas 1 D
0%
2012 - 2015 Espagne ChechuDorado 56 D
0%
2017 - 2018 Espagne Chuca 8 M
0%
2010 - 2011 Brésil Cicinho 7 D
0%
2017 - 20192020 - 2022 Espagne DaniRaba 69 A
0%
2024 - 2025 Espagne DaniRequena 1 M
0%
2021 - 2022 Espagne DaniTasende 1 D
0%
2012 - 2013 Espagne DaniToribio 6 M
0%
2017 - 2018 Espagne DarioPoveda 2 A
0%
2012 - 2013 Espagne DiegoMarino 10 G
0%
2019 - 20212022 - 2023 Espagne Fer Nino 37 A
0%
2012 - 2013 Argentine FernandoCavenaghi 19 A
0%
2011 - 2013 France FlorianLejeune 5 D
0%
2013 - 2015 Brésil GabrielPaulista 50 D
0%
2017 - 2018 Espagne GenisMontolio 1 D
0%
2011 - 2013 Espagne GerardBordas 9 A
0%
2023 - 2024 Portugal GoncaloGuedes 19 A
0%
2011 - 2012 Argentine GonzaloCastellani 11 M
0%
2012 - 2013 Espagne GuillemTruyols 4 D
0%
2022- 2023 France HaisselHassan 2 A
0%
2012 - 2013 Argentine HectorCanteros 12 M
0%
2014 - 2015 Espagne IsraelPuerto 2 D
0%
2017 - 2019 Espagne JaviFuego 23 M
0%
2012 - 2013 Espagne JaviVenta 16 D
0%
2012 - 2014 Mexique JavierAquino 48 D
0%
2011 - 2012 Espagne JavierCamunas 34 A
0%
2014 - 2015 Espagne JavierEspinosa 15 M
0%
2012 - 2014 Espagne JavierFarinos 33 M
0%
2008 - 2011 Espagne JavierMatilla 24 M
0%
2024 - CoteD'Ivoire Jean YvesValou 1 D
0%
2009 - 2011 Equateur JeffersonMontero 20 A
0%
2012 - 2014 France JeremyPerbet 48 A
0%
2009 - 2013 Espagne JoanOriol 65 D
0%
2013 - 2014 Espagne JoanRoman 3 M
0%
2011 - 2012 Pays - Bas JonathanDe Guzman 26 M
0%
2011 - 2012 Espagne JordiPablo 3 M
0%
2012 - 2013 Espagne JorgePalatsi 1 G
0%
2022- 2024 Espagne JorgePascual 8 A
0%
2014 - 2015 Espagne JoseNaranjo 2 A
0%
2010 - 2012 Espagne Jose ManuelCatala 47 D
0%
2007 - 20112012 - 2015 Espagne JuanCarlos 57 G
0%
2012 - 2013 Espagne Juanma 5 A
0%
2009 - 201é Espagne KikoOlivas 12 D
0%
2022- 2023 Sénégal MamadouMbacke 2 D
0%
2017 - 2020 Espagne ManuMorlanes 45 M
0%
2018 - 2019 Chili ManuelIturra 4 M
0%
2009 - 2012 Argentine MarcoRuben 89 A
0%
2009 - 2012 Espagne MarcosGullon 6 M
0%
2013 - 2016 Espagne MatiasNahuel 38 A
0%
2019 - 2020 Espagne MigueLeal 1 D
0%
2015 - 2019 Espagne MiguelLlambrich 17 D
0%
2010 - 2011 Malaisie NatxoInsa 1 M
0%
2010 - 2011 Danemark NickiBille 1 A
0%
2021 - 2022 Russie NikitaIosifov 2 A
0%
2012 - 20142015 - 2016 Espagne PabloIniguez 12 D
0%
2024 - Espagne PauCabanes 12 A
0%
2018 - 2019 Espagne PepeCastano 1 D
0%
2017 - 2018 Uruguay RamiroGuerra 10 M
0%
2017 - 2018 Portugal RubenSemedo 5 D
0%
2017 - 2018 ArabieSaoudite SalemAl Dawsari 1 A
0%
2012 - 2013 Espagne SalvaChamorro 1 A
0%
2018 - 2020 Argentine SantiagoCaseres 34 M
0%
2017 - 2020 Espagne SergioLozano 2 M
0%
2014 - 2015 Espagne SergioMarcos 7 M
0%
2019 - 2021 Maroc SoufianeChakla 6 D
0%
2023 - 2024 Serbie StefanLekovic 2 D
0%
2024 - 2025 Argentine ThiagoOjeda 1 M
0%
2013 - 2016 Espagne TomasPina 114 M
0%
2012 - 2013 Uruguay WalterPandiani 18 A
0%
2018 - 2020 Espagne XaviQuintilla 32 D
0%
Aucun quiz correspondant
Distribution des résultats
% des personnes avec chaque résultat
Percentile par nombre de réponses
Votre historique - résultats
Vous n’avez pas pris ce quiz